Sistemas digitales: principios y aplicaciones (Registro nro. 7074)
[ vista simple ]
| 000 -Cabecera | |
|---|---|
| Campo de control de longitud fija | 00963ata a2200349 4500 |
| 005 - Fecha y hora de la última transacción | |
| Campo de control | 20230831152515.0 |
| 008 - Elementos de longitud fija--Información general | |
| Campo de control de longitud fija | 150730b2007 xxu||||| |||| 00| 0 spa d |
| 020 ## - International Standard Book Number | |
| Número Internacional Estándar del Libro (ISBN) | 9789702609704 |
| 041 ## - Idioma | |
| Código de idioma | Español |
| 082 ## - Clasificación Decimal Dewey | |
| Número de clasificación | 621.381.5 T631s10 |
| 100 ## - Entrada principal--Autor personal | |
| Nombre personal | Tocci, Ronald J. |
| 9 (RLIN) | 39883 |
| 100 ## - Entrada principal--Autor personal | |
| Nombre personal | Widmer, Neal S. |
| 9 (RLIN) | 39884 |
| 100 ## - Entrada principal--Autor personal | |
| Nombre personal | Moss, Gregory L. |
| 9 (RLIN) | 39885 |
| 245 ## - Título propiamente dicho | |
| Título | Sistemas digitales: principios y aplicaciones |
| 250 ## - Edición | |
| Mención de edición | 10 edición |
| 260 ## - Pie de imprenta | |
| Lugar de publicación, distribución, etc. | México |
| 260 ## - Pie de imprenta | |
| Nombre del editor, distribuidor, etc. | Pearson Educación |
| 260 ## - Pie de imprenta | |
| Fecha de publicación, distribución, etc. | 2007 |
| 300 ## - Descripción física | |
| Extensión | 939 páginas |
| 505 ## - Nota de contenido | |
| Nota de contenido | Contiene disco compacto N° 407 |
| 650 ## - Materia general | |
| Temática (materia general) | SISTEMAS DIGITALES |
| 650 ## - Materia general | |
| Temática (materia general) | ARITMETICA DIGITAL |
| 650 ## - Materia general | |
| Temática (materia general) | CIRCUITOS INTEGRADOS |
| 650 ## - Materia general | |
| Temática (materia general) | DISPOSITIVOS DE MEMORIA |
| 650 ## - Materia general | |
| Temática (materia general) | CIRCUITOS LÓGICOS |
| 650 ## - Materia general | |
| Temática (materia general) | FLIP |
| 650 ## - Materia general | |
| Temática (materia general) | CONTADORES Y REGISTROS |
| 650 ## - Materia general | |
| Temática (materia general) | INTERFAZ |
| 650 ## - Materia general | |
| Temática (materia general) | MICROPROCESADORES |
| 942 ## - Punto de acceso adicional KOHA | |
| Tipo de ítem KOHA | Libro |
| Fuente del sistema de clasificación o colocación | Dewey Decimal Classification |
| Signatura completa | Código de barras | Programa Académico | Tipo de ítem |
|---|---|---|---|
| 621.381.5 T631s10 | 12380 | Electrónica | Libro |
| 621.381.5 T631s10 | 12381 | Electrónica | Libro |
| 621.381.5 T631s10 | 12382 | Electrónica | Libro |
| 621.381.5 T631s10 | 16248 | Electrónica | Libro |
| 621.381.5 T631s10 | 407ADC | Electrónica | Disco Compacto |
| 621.381.5 T631s10 | 407BDC | Electrónica | Disco Compacto |
| 621.381.5 T631s10 | 407CDC | Electrónica | Disco Compacto |
| 621.381.5 T631s10 | 407DDC | Electrónica | Disco Compacto |